Responses for show #5028 - Wednesday, June 21, 2006

Contestants

Tony Mahler, a healthcare consultant from Bronx, New York

Amanda Ross-White, a librarian from Kingston, Ontario, Canada

Clark Floyd, an accountant from Savannah, Georgia (whose 1-day cash winnings total $28,200)

Jeopardy! Round responses

1491
THE DESPERATE HOUSEWIFE WHO...
(Alex: You have to identify the actress.)
COOK ME UP!
IT'S ALL A PLANT
PLEAD THE FIFTH
COLORFUL IDIOMS
    $200 11
Scotland

Clark
    $200 21
Felicity Huffman

Amanda
    $200 16
baking

Tony
    $200 23
a tomato

Clark
    $200 6
water

Amanda
    $200 1
white

Tony
    $400 12
Henry VIII

Clark
    $400 22
(Tony: Who is Nicole Sheridan?)

Nicollette Sheridan

ClarkTony
    $400 17
reduce

Tony
    $400 24
witch hazel

Amanda
    $400 7
third base

Clark
    $400 2
pink

Tony
    $600 13
Dresden

Clark
    $600 29
(Clark: Who is Eva Longoria?)

Teri Hatcher

ClarkTony
    $600 18
grilled

Clark
    $600 25
potatoes

Tony
    $1,000 8
(Alex: I thought you might get the baseball clue, I know you're a big Atlanta Braves fan.)
...
(Alex: You're correct. No letters above the 1.)

J-K-L

Clark
    $600 3
black

Tony
    $800 14
Copernicus

Tony
    $800 28
Marcia Cross

Clark
    $800 19
(Amanda: What is sweating?)

roasting

AmandaTony
    $800 26
rocks

Tony
    $800 9
(Clark: What is eta?)
(Amanda: What is E?)

epsilon

ClarkAmandaTony
    $800 4
blue

Amanda
    $1000 15
Granada

Triple Stumper
    $1000 30
(Alex: You're gonna stick with her until you get her right. And you got her right this time.)

Eva Longoria

Clark
    $1000 20
(Alex: And I was [*]ing in my own juices.)

stew

Amanda
    $1000 27
a pine

Clark
    $1000 10
[ERRATUM: Chirac is the fifth president under the Consitution of 1958; there were other presidents before its adoption.]

(Jacques) Chirac

Clark
    $1000 5
green

Amanda

Scores at the first commercial break (after clue 15):

Clark Amanda Tony
$2,800 $1,200 $2,800

Scores at the end of the Jeopardy! Round:

Clark Amanda Tony
$6,200 $2,000 $5,800

Double Jeopardy! Round responses

CURRENT POLITICOS
MOVIE TITLE NAMES
NONFICTION BEST SELLER OF THE YEAR
(Alex: This is from Publisher's Weekly.)
WHERE AM I?
PAINTERS
WHAT HAVE "V" HERE?
    $400 11
Tom DeLay

Clark
    $400 1
Rocky

Clark
    $400 21
Charles Kuralt

Clark
    $400 6
(Amanda: What is the Czech Republic?)

Poland

ClarkAmanda
    $400 26
(Paul) Gauguin

Clark
    $400 14
vodka

Clark
    $800 12
Barack Obama

Clark
    $800 2
Erin Brockovich

Amanda
    $800 22
(Clark: Who is Suze Ormond?)

[Alex spells the last name.]

Suze Orman

ClarkAmanda
    $800 7
Cairo

Triple Stumper
    $2,000 27
(James) Whistler

Clark
    $800 15
Venus

Tony
    $1200 13
(Clark: Who is Bob Dole?)

Senator John McCain

Clark
Triple Stumper
    $1200 3
Dick Tracy

Clark
    $1200 23
Art Linkletter

Clark
    $3,000 8
(Clark: What is the Peloponnesian Peninsula?)
(Alex: No, that would be Sparta down there. The [*], the [*]n Peninsula for Athens.)

Attica

Clark
    $1200 28
Winslow Homer

Triple Stumper
    $1200 18
(Clark: What is... uh... the Netherlands?)

Virginia

ClarkAmanda
    $1600 16
James Carville

Clark
    $1600 4
Annie Hall

Triple Stumper
    $1600 24
(Clark: Who is Theodore White?)
(Tony: Who is Schlesinger?)

William Manchester

ClarkTony
Triple Stumper
    $1600 9
(Tony: What is Space City?)

Star City

Tony
Triple Stumper
    $1600 29
(Thomas Hart) Benton

Tony
    $1600 19
void

Clark
    $2000 17
(Wesley) Clark

Tony
    $2000 5
(Tony: Who is Francis?)

Gus

Tony
Triple Stumper
    $2000 25
H.G. Wells

Triple Stumper
    $2000 10
Schleswig-Holstein

Tony
    $2000 30
Joan Miró

Triple Stumper
    $2000 20
a viscount

Clark

Scores at the end of the Double Jeopardy! Round:

Clark Amanda Tony
$11,200 $4,400 $7,000

[wagering suggestions for these scores]

Final Jeopardy! Round responses

AUTHORS
(Alex: The boy has a pretty famous name in literature and the teddy bear was an important part of the clue. Let's see if our players picked up on it.)
...
(Alex: [*] is correct. Winnie-the-Pooh.)
...
(Tony: Mind went blank.)
AmandaWho is Milne?
$3,000
TonyWho was
$5,000
ClarkWho is Lewis Carroll
$3,000
A.A. Milne

Final scores:

Clark Amanda Tony
$8,200 $7,400 $2,000
2-day champion: $36,400 2nd place: $2,000 3rd place: $1,000

Game dynamics:

Coryat scores:

Clark Amanda Tony
$12,600 $4,400 $7,000
25 R
(including 2 DDs),
7 W
(including 1 DD)
9 R,
3 W
15 R,
4 W

Combined Coryat: $24,000

The J! Archive is created by fans, for fans. The Jeopardy! game show and all elements thereof, including but not limited to copyright and trademark thereto, are the property of Jeopardy Productions, Inc. and are protected under law. This website is not affiliated with, sponsored by, or operated by Jeopardy Productions, Inc. Join the discussion at JBoard.tv.